| 000 | 01148nam a2200313 i 4500 | ||
|---|---|---|---|
| 999 |
_c250 _d250 |
||
| 001 | 021636126 | ||
| 003 | UkOxU | ||
| 005 | 20190802112735.0 | ||
| 008 | 190625s2009 nyua b 001 0 eng d | ||
| 020 |
_a9780060731335 _qpaperback |
||
| 040 |
_aUkOxU _beng _erda _cUkOxU |
||
| 082 | _a330 LEV | ||
| 100 | 1 |
_aLevitt, Steven D., _eauthor. |
|
| 245 | 1 | 0 |
_aFreakonomics : _ba rogue economist explores the hidden side of everything / _cSteven D. Levitt and Stephen J. Dubner. |
| 264 | 1 |
_aNew York : _bHarper Perennial, _c2009. |
|
| 264 | 4 | _c©2009 | |
| 300 |
_axxvi, 315 pages : _billustrations ; _c20 cm |
||
| 336 |
_atext _2rdacontent |
||
| 337 |
_aunmediated _2rdamedia |
||
| 338 |
_avolume _2rdacarrier |
||
| 500 | _aCover note '... with new material, including an author Q&A.' | ||
| 500 | _aOriginally published: New York: William Morrow ; London: Allen Lane, 2005. | ||
| 504 | _aIncludes bibliographical references and index. | ||
| 650 | 0 |
_aEconomics _xPsychological aspects. |
|
| 650 | 0 |
_aEconomics _xSociological aspects. |
|
| 700 | 1 |
_aDubner, Stephen J., _eauthor. |
|
| 942 |
_2ddc _cNFIC |
||